00607nam a22001937a 450000500170000001000150001702000270003203500130005903700130007208200130008524501080009826000300020627000680023630000330030449000220033750000190035970000160037870000190039420181204144743.0 aENG-115253 a9789384082840c1450.00 aEN-98785 bDBAD/PUB a303.4825 aRethinking connectivity :bregion, place and space in Asia /cedited by Lipi Ghosh [and] Rila Mukherjee aDelhibPrimus Booksc2016 aVirat Bhawan, Mukherjee Nagar Commercial ComplexbDelhie110009 axiii,183p. :bill.c25cm(Hb) aIssues in history aIncludes index aGhosh, Lipi aMukherjee,Rila